<?xml version="1.0" encoding="UTF-8"?><?xml-stylesheet type="text/xsl" href="static/style.xsl"?><OAI-PMH xmlns="http://www.openarchives.org/OAI/2.0/" xmlns:xsi="http://www.w3.org/2001/XMLSchema-instance" xsi:schemaLocation="http://www.openarchives.org/OAI/2.0/ http://www.openarchives.org/OAI/2.0/OAI-PMH.xsd"><responseDate>2026-04-18T15:46:15Z</responseDate><request verb="GetRecord" identifier="oai:riubu.ubu.es:10259/11116" metadataPrefix="marc">https://riubu.ubu.es/oai/request</request><GetRecord><record><header><identifier>oai:riubu.ubu.es:10259/11116</identifier><datestamp>2025-12-12T01:05:26Z</datestamp><setSpec>com_10259_3844</setSpec><setSpec>com_10259_5086</setSpec><setSpec>com_10259_2604</setSpec><setSpec>com_10259_5822</setSpec><setSpec>col_10259_3845</setSpec><setSpec>col_10259_5823</setSpec></header><metadata><record xmlns="http://www.loc.gov/MARC21/slim" xmlns:doc="http://www.lyncode.com/xoai" xmlns:xsi="http://www.w3.org/2001/XMLSchema-instance" xmlns:dcterms="http://purl.org/dc/terms/" xsi:schemaLocation="http://www.loc.gov/MARC21/slim http://www.loc.gov/standards/marcxml/schema/MARC21slim.xsd">
<leader>00925njm 22002777a 4500</leader>
<datafield tag="042" ind1=" " ind2=" ">
<subfield code="a">dc</subfield>
</datafield>
<datafield tag="720" ind1=" " ind2=" ">
<subfield code="a">López Palacios, Jesús</subfield>
<subfield code="e">author</subfield>
</datafield>
<datafield tag="720" ind1=" " ind2=" ">
<subfield code="a">Colina Santamaría, Álvaro</subfield>
<subfield code="e">author</subfield>
</datafield>
<datafield tag="720" ind1=" " ind2=" ">
<subfield code="a">Heras Vidaurre, Aránzazu</subfield>
<subfield code="e">author</subfield>
</datafield>
<datafield tag="720" ind1=" " ind2=" ">
<subfield code="a">Ruiz Fernández, Virginia</subfield>
<subfield code="e">author</subfield>
</datafield>
<datafield tag="720" ind1=" " ind2=" ">
<subfield code="a">Fuente, Luis</subfield>
<subfield code="e">author</subfield>
</datafield>
<datafield tag="260" ind1=" " ind2=" ">
<subfield code="c">2001-06</subfield>
</datafield>
<datafield tag="520" ind1=" " ind2=" ">
<subfield code="a">A new methodology is presented to offer the possibility of simultaneously obtaining two different spectroscopic signals in a single spectroelectrochemical experiment. Taking the plane of the electrode surface as a spatial reference, normal-beam and parallel-beam UV−vis absorbance signals are jointly analyzed, revealing important experimental differences between the two kinds of signals. Two different chemical systems are selected to show the possibilities of the bidimensional spectroelectrochemistry:  a simple diffusive process and an adsorptive electrode reaction. Comparative results show clearly that the two kinds of spectroscopic signals, both normal and parallel to the electrode surface, have to be used together in the study of any electrode reaction scheme.</subfield>
</datafield>
<datafield tag="024" ind2=" " ind1="8">
<subfield code="a">0003-2700</subfield>
</datafield>
<datafield tag="024" ind2=" " ind1="8">
<subfield code="a">https://hdl.handle.net/10259/11116</subfield>
</datafield>
<datafield tag="024" ind2=" " ind1="8">
<subfield code="a">10.1021/ac0014459</subfield>
</datafield>
<datafield tag="024" ind2=" " ind1="8">
<subfield code="a">1520-6882</subfield>
</datafield>
<datafield ind1=" " ind2=" " tag="653">
<subfield code="a">Spectroelectrochemistry</subfield>
</datafield>
<datafield ind1=" " ind2=" " tag="653">
<subfield code="a">Diffusion layer</subfield>
</datafield>
<datafield ind1=" " ind2=" " tag="653">
<subfield code="a">Adsorption</subfield>
</datafield>
<datafield ind1=" " ind2=" " tag="653">
<subfield code="a">Electropolymerization</subfield>
</datafield>
<datafield ind1=" " ind2=" " tag="653">
<subfield code="a">Optically  transparent electrodes</subfield>
</datafield>
<datafield ind1=" " ind2=" " tag="653">
<subfield code="a">Long-pathway thin layer cells</subfield>
</datafield>
<datafield tag="245" ind1="0" ind2="0">
<subfield code="a">Bidimensional Spectroelectrochemistry</subfield>
</datafield>
</record></metadata></record></GetRecord></OAI-PMH>